000 01386nam a2200277Ia 4500
003 OSt
005 20210426122207.0
008 210310s1998 ck gr 000 0 spa d
040 _aCO-JMCR
_cCO-JMCR
041 0 _aspa
082 0 4 _a333.397 /
_bC718i
_223
110 1 _aColombia.
_bMinisterio del Medio Ambiente
_910197
245 1 0 _aIncentivos tributarios a la inversión ambiental /
_cdocumento elaborado por, Mary Gómez Torres, María Claudia García Dávila, Martha Patricia Castillo Delgado ; revisado por, Luis Carvajal
260 _aBogotá :
_bMinisterio del Medio Ambiente,
_c1998
300 _a60 páginas ;
_c28 cm.
505 0 _aIncentivos a la producción limpia -- Incentivos a la enajenación de inmuebles con función ecológica -- Incentivos a actividades relacionadas con recursos forestales -- Incentivos para hacer donaciones a instituciones de carácter ambiental e investigación científica
650 1 4 _aPolítica ambiental
_915071
_zColombia
650 2 4 _aControl ambiental
_zColombia
_914627
650 2 4 _aIncentivos tributarios
_zColombia
_937138
650 2 4 _aMedio ambiente
_xImpuestos
_zColombia
_937139
700 1 _aGómez Torres, Mary,
_eautora
_937140
700 1 _aGarcía Dávila, María Claudia,
_eautora
_937141
700 1 _aCastillo Delgado, Martha Patricia,
_eautora
_937142
700 1 _aCarvajal, Luis,
_erevisor
_937143
942 _2ddc
_cBK
999 _c7657
_d7657